Statistics for Countries by amount of Olympics they held

Click here to take the quiz!

General Stats

  • This quiz has been taken 67 times
  • The average score is 22 of 25

Answer Stats

# of games heldAnswer% Correct
1 game heldBrazil
100%
3 games heldCanada
100%
5 games heldFrance
100%
3 games heldUnited Kingdom
100%
8 games heldUnited States
100%
3 games heldGermany
98%
2 games heldAustralia
97%
3 games heldItaly
97%
3 games heldJapan
97%
1 game heldMexico
97%
2 games heldRussia
97%
2 games heldSouth Korea
97%
1 game heldSweden
97%
1 game heldFinland
95%
2 games heldGreece
95%
3 games heldNorway
95%
1 game heldSpain
95%
2 games heldChina
94%
3 games heldAustria
91%
1 game heldNetherlands
91%
2 games heldSwitzerland
88%
1 game heldBelgium
85%
1 game heldBosnia and Herzegovina
58%
1 game heldArgentina
52%
1 game heldSingapore
9%

Score Distribution

Percentile by Number Answered

Percent of People with Each Score

Your Score History

You have not taken this quiz